000 00260nam a2200109Ia 4500
008 200302s9999 xx 000 0 und d
100 _aMarcus Binney
245 _aAirport Builders
260 _bAcademy Edition Martins Press
260 _c1999
300 _a223 P.,
999 _c5524
_d5524